|
|
|
|
| LEADER |
00000cam a2200000 7i4500 |
| 001 |
0000008208 |
| 002 |
000008951 |
| 005 |
20000330.0 |
| 020 |
|
|
|a 0827316167
|
| 090 |
0 |
0 |
|a 001.6
|b ADA
|
| 100 |
1 |
|
|a Adams, James Mack
|
| 245 |
1 |
0 |
|a Data processing :
|b An introduction
|c James Mack Adams
|
| 260 |
|
|
|a New York :
|b Delmar Publishers Inc. ,
|c 1982
|
| 300 |
|
|
|a 253p. :
|b ill ;
|c 24cm.
|
| 650 |
0 |
0 |
|a Electronic data processing
|
| 999 |
|
|
|a 0001695
|b BUKU
|c PINJAMAN
|e PERPUSTAKAAN KOMUNITI PETALING JAYA
|
| 999 |
|
|
|a 0001696
|b BUKU
|c PINJAMAN
|e PERPUSTAKAAN KOMUNITI PETALING JAYA
|
| 999 |
|
|
|a 0001697
|b BUKU
|c PINJAMAN
|e PERPUSTAKAAN KOMUNITI PETALING JAYA
|